000 00692nam a22002057a 4500
003 OSt
005 20250725035254.0
008 250725b |||||||| |||| 00| 0 eng d
020 _a978-621-04-5035-4
040 _aDWC-Main Lib
_cOC
082 _aFil. 372.35 F268c 2024
100 _aFaustino, Jose M.
245 _aA course module for science in early childhood education/
_cJose M. Faustino
250 _a1st edition
260 _aSampaloc, Manila, Philippines :
_bRex Bookstore,
_cc2024.
300 _av, 253 pages :
_billustrations ;
_c25cm.
504 _aIncludes index.
650 _a1. Science-- Study and teaching (early childhood).
942 _2ddc
_cBK - FIL
_e1st edition
_kFil.
_n0
999 _c3817
_d3817